000 01067nam a2200253Ia 4500
001 220.3-ENC bi (1836)
003 IT-MiSPE
008 171229s9999||||xx |||||||||||||| ||und||
040 _aIT-MiSPE
_cIT-MiSPE
041 _aITALIANO
100 _aAlejandro Dìez Macho
240 _aEnciclopedia de la Biblia
245 0 _aEnciclopedia della Bibbia
_bII. C-Ep
250 _a1a ed. (v)
260 _aLeumann (TO)
_bLDC
_c(impr.) 1969
300 _aXXV, 1358 col. [6 v.]
_c26 cm
490 _v
501 _aEdizioni San Paolo srl - Piazza Soncino, 5 - 20092 CINISELLO BALSAMO (MI) (non commercial uses only) ® Copyright 2018
520 _aArmando Rolla (ed. it). Ill.
700 _aArmando Rolla
942 _cBK
957 _71
999 _a6985
_bNO
_g Copie: 1
_c337748
_d337748